LIBRARY & INFORMATION CENTRE, KCAET, TAVANUR

ONLINE PUBLIC ACCESS CATALOGUE (OPAC)

M P Paul / (Record no. 4861)

MARC details
000 -LEADER
fixed length control field 00343cam a2200145ua 4500
041 ## - LANGUAGE CODE
Language code of text/sound track or separate title mal
082 ## - DEWEY DECIMAL CLASSIFICATION NUMBER
Classification number 894.812803
Item number PAU/MP
100 ## - MAIN ENTRY--AUTHOR NAME
Personal name Paul, M P .
245 ## - TITLE STATEMENT
Title M P Paul /
260 ## - PUBLICATION, DISTRIBUTION, ETC. (IMPRINT)
Place of publication Kottayam :
Name of publisher National Book Stall ,
Year of publication 1961.
300 ## - PHYSICAL DESCRIPTION
Number of Pages 119 ; .
942 ## - ADDED ENTRY ELEMENTS (KOHA)
Koha item type Books
Holdings
Withdrawn status Lost status Damaged status Home library Current library Date acquired Full call number Accession Number Koha item type Public note
Withdrawn     KAUAET Malayalam University 07/04/2012 894.812803 8402 Books Transferred to Malayalam University
free website counter